Carte Centrales Nucléaires Françaises - Statistiques

Statistiques générales
  • Ce quiz a été pris 1 579 fois
  • Le résultat moyen est 7 sur 18
Réponses sur la Carte
Les réponses sont colorées sur une échelle allant du rouge au vert en fonction du pourcentage des utilisateurs qui les ont devinées à leur premier essai. Vous pouvez retrouver ces pourcentages ci-dessous.
 
Statistiques - réponses
Réponse % Correct
Flamanville
71%
Gravelines
59%
Tricastin
56%
Chinon
47%
Bugey
46%
Blayais
44%
Chooz
44%
Nogent
44%
Golfech
43%
Cattenom
42%
Paluel
34%
Cruas
33%
St-Alban
32%
Civaux
31%
Belleville
28%
Dampierre
27%
Penly
27%
St-Laurent
24%
Aucun quiz correspondant
Distribution des résultats
% des personnes avec chaque résultat
Percentile par nombre de réponses
Votre historique - résultats
Vous n’avez pas pris ce quiz